Statistics for Partial Country Shape Quiz #2

Click here to take the quiz!

General Stats

  • This quiz has been taken 1,037 times
  • The average score is 10 of 16

Answer Stats

Country% Correct
Canada
92%
Myanmar
82%
Afghanistan
79%
Ireland
78%
Chile
77%
Latvia
73%
Portugal
67%
New Zealand
66%
Germany
65%
Indonesia
64%
Mongolia
44%
Turkey
42%
Nigeria
41%
Kenya
38%
Uruguay
37%
Albania
28%

Score Distribution

Percentile by Number Answered

Percent of People with Each Score

Your Score History

You have not taken this quiz